000 00333nam a2200145Ia 4500
008 230718s9999 xx 000 0 und d
041 _aEng.
082 _a346.34
_b BA-T
100 _a Bajwa,Aftab Ahmad
245 4 _aThe company law
260 _aPakistan
_bPunjab law book
_c2015
300 _a675
650 _aLaw
999 _c30195
_d30195